Star Trek General Knowledge Quiz #3 - Statistics

General Stats
  • This quiz has been taken 45 times
    36 since last reset
  • The average score is 11 of 18
Answer Stats
Hint Answer % Correct
What small, furry alien creature reproduced at such an alarming rate that they quickly overran the Enterprise? Tribbles
97%
What actor portrayed Captain Picard? Patrick Stewart
93%
Which member of the original Enterprise crew appeared in The Next Generation pilot episode, Encounter at Farpoint? Dr. Leonard McCoy
79%
What was the name of the recreational lounge and bar on the Enterprise-D? Ten Forward
79%
Which holodeck character became sentient? Professor Moriarty
76%
Who owned the bar on Deep Space Nine? Quark
72%
What is the name of Worf's son? Alexander Rozhenko
69%
What class of starship was the Enterprise-D? Galaxy
66%
What is the name of Data's twin brother? Lore
66%
What is the first name of Chief O'Brien's wife? Keiko
52%
What is the name for the Vulcan time of mating which occurs once every seven years? Pon farr
52%
What is Mr. Sulu's first name? Hikaru
48%
Which Federation starship did Khan Noonien Singh use to escape exile on Ceti Alpha V? USS Reliant
48%
What being of godlike power tormented the Enterprise crew until his parents made him stop? Trelane
45%
What being was created when two members of USS Voyager's crew were accidentally fused together into a single being by the transporter? Tuvix
38%
Who served as the last Prefect of Bajor during the Cardassian occupation? Gul Dukat
34%
Which species lived in fluidic space and proved immune to assimilation by the Borg? Species 8472
34%
Who is the captain of the USS Discovery? Gabriel Lorca
31%
No matching quizzes found
Score Distribution
Percent of People with Each Score
Percentile by Number Answered
Your Score History
You have not taken this quiz since the last reset